Score 0/7 Timer 06:00
0 Plays Today
Population City % Correct
286,462Corpus Christi
83.4%
114,386Ann Arbor
68.6%
179,614 Newport News
67.1%
156,835Cape Coral
36.9%
145,661Pembroke Pines
32%
165,796Garden Grove
22.6%
104,446Round Rock
20.6%

You're not logged in!

Compare scores with friends on all Sporcle quizzes.
OR
Log In

Sporcle TV

Today on Sporcle TV


Watch our educational content, quiz creation guides, and fun videos on Sporcle TV.

Show Comments

Extras

Top Quizzes Today


Score Distribution

Paid Content

Your Account Isn't Verified!

In order to create a playlist on Sporcle, you need to verify the email address you used during registration. Go to your Sporcle Settings to finish the process.

Report this User

Report this user for behavior that violates our Community Guidelines.

Details: